000 00303 a2200109 4500
001 33714
082 _a519.4028553042 HUN
090 _c22394
_d22394
100 _aHunt Brian R
245 _aGuide to MATLAB for beginners and experienced users
260 _aNY
_bCambridge University Press
_c2003
942 _aNUST-CAE
_k519.4028553042 HUN
999 _c268787
_d268787